Elementární etudy pro housle. Díl 1.

Uložené v:
Podrobná bibliografia
Hlavný autor: Micka, Josef Ladislav, 1903-1993
Médium: Hudobnina
Jazyk:Czech
Vydané: Praha : Státní nakladatelství krásné literatury, hudby a umění, 1957.
Fyzický popis: 31 strán.
Tagy: Pridať tag
Žiadne tagy, Buďte prvý kto otaguje tento záznam!

MARC

LEADER 00000ncm a2200000#i#4500
001 000698229
005 20230606191140.0
008 230606s1957 xr e 000 0 cze d
020 |q (brožované)  |c Kčs 6,00 
040 |a SVKK  |b slo  |c SVKK  |e rda 
100 1 |a Micka, Josef Ladislav,  |d 1903-1993 
245 1 0 |a Elementární etudy pro housle. Díl 1. 
264 1 |a Praha :  |b Státní nakladatelství krásné literatury, hudby a umění,  |c 1957. 
300 |a 31 strán. 
336 |a zápis hudby  |b ntm  |2 rdacontent 
337 |a bez média  |b n  |2 rdamedia 
338 |a zväzok  |b nc  |2 rdacarrier 
500 |a Záznam revízie 
910 |a svkkk 
998 |a MU 
090 |g SCKHL  |k Sklad Pribinova 3. posch.  |a V.20646  |j 142893  |i 2720852088  |s Prezenčne